zpět

Detail výsledku týmu

Pivovar Podlesí, Příbram

Datum a čas kvízu

25.5 Celkem bodů Celkový počet nahraných bodů na tomto kvízu bez doplňovacích otázek.
5. Pořadí na kvízu Konečné umístění týmu na tomto kvízu.

Zaznamenané odpovědi

# Otázka Odpověď Body Výsledky
1. Minulé úterý jsme si mohli pov... autismus, modrá barva 0.5
2. Mezi Botswanou a jedním evrops... o Německu 1
3. V úterý začal vysílat v Česku... Warner TV 0
4. Od 1. 4. 2024 se mění podmínky... A 1
5. Německý fotbalový svaz bude mu... čísla 44 0
6. Zobrazený anglický lékař roku... William Harvey 0
7. Ve kterém orgánu lidského těla... ve slezině 0
8. Vyberte pravdivé tvrzení: D 0
9. Za půl bodu napište, jak se na... Alexej; hemofilie 1
10. Uveďte rodové jméno zvířete, p... makak (makak rhesus) 0